| Tag |
First Indicator |
Second Indicator |
Subfields |
| LEADER |
00000cam a2200000I 4500 |
| 001 |
in00000064977 |
| 005 |
20210707111503.0 |
| 007 |
ta |
| 008 |
750924s1943 nyu 000 0 eng |
| 010 |
|
|
|a 43016895
|
| 035 |
|
|
|a (OCoLC)ocm01652957
|
| 035 |
|
|
|a (OCoLC)01652957
|
| 035 |
|
|
|9 AAG6395AM
|
| 040 |
|
|
|a DLC
|b eng
|c DZM
|d SER
|d OCL
|d OCLCQ
|d OCLCG
|d STF
|d UBY
|d NIALS
|d OCLCF
|d OCLCQ
|d OCLCO
|d U3G
|
| 019 |
|
|
|a 1087102990
|
| 029 |
1 |
|
|a AU@
|b 000006377573
|
| 029 |
1 |
|
|a AU@
|b 000024551420
|
| 029 |
1 |
|
|a GEBAY
|b 8405279
|
| 035 |
|
|
|a (OCoLC)1652957
|z (OCoLC)1087102990
|
| 043 |
|
|
|a a-ja---
|a n-us---
|
| 050 |
0 |
0 |
|a E743.5
|b .H88
|
| 082 |
0 |
0 |
|a 351.74
|
| 049 |
|
|
|a TXAM
|
| 100 |
1 |
|
|a Hynd, Alan,
|d 1908-
|
| 245 |
1 |
0 |
|a Betrayal from the East,
|b the inside story of Japanese spies in America,
|c by Alan Hynd.
|
| 264 |
|
1 |
|a New York,
|b R.M. McBride & Co.
|c [1943]
|
| 300 |
|
|
|a 287 pages
|c 22 cm
|
| 336 |
|
|
|a text
|b txt
|2 rdacontent
|
| 337 |
|
|
|a unmediated
|b n
|2 rdamedia
|
| 338 |
|
|
|a volume
|b nc
|2 rdacarrier
|
| 500 |
|
|
|a "First edition."
|
| 650 |
|
0 |
|a Spies.
|
| 650 |
|
0 |
|a Secret service
|z Japan.
|
| 650 |
|
0 |
|a Japanese
|z United States.
|
| 650 |
|
7 |
|a Japanese.
|2 fast
|0 (OCoLC)fst00981362
|
| 650 |
|
7 |
|a Secret service.
|2 fast
|0 (OCoLC)fst01110661
|
| 650 |
|
7 |
|a Spies.
|2 fast
|0 (OCoLC)fst01129772
|
| 651 |
|
7 |
|a Japan.
|2 fast
|0 (OCoLC)fst01204082
|
| 651 |
|
7 |
|a United States.
|2 fast
|0 (OCoLC)fst01204155
|
| 776 |
0 |
8 |
|i Online version:
|a Hynd, Alan, 1908-
|t Betrayal from the East.
|d New York, R.M. McBride & Co. [1943]
|w (OCoLC)559505984
|
| 994 |
|
|
|a C0
|b TXA
|
| 999 |
f |
f |
|s 26a193c6-fd03-33c1-8708-18e956f0b524
|i bc9bbf94-e853-394e-9c8a-0493a8f16317
|t 0
|
| 952 |
f |
f |
|p ric
|a Texas A&M University
|b Rellis Campus
|c Joint Library Facility
|d Remote Storage
|t 0
|e E743.5 .H88
|h Library of Congress classification
|i unmediated -- volume
|m A14800794907
|
| 952 |
f |
f |
|p normal
|a Texas A&M University
|b Washington DC
|c Bush DC Campus
|d Bush School Library (located in Washington, DC)
|t 0
|e E743.5 .H88
|h Library of Congress classification
|i unmediated -- volume
|m 66000025438
|
| 998 |
f |
f |
|a E743.5 .H88
|t 0
|l Bush School Library (located in Washington, DC)
|
| 998 |
f |
f |
|a E743.5 .H88
|t 0
|l Remote Storage
|